| 000 | 00529nam a2200205Ia 4500 | ||
|---|---|---|---|
| 008 | 170918s9999 xx 000 0 und d | ||
| 020 | _a9780545461870 | ||
| 050 | _bP233 2011 | ||
| 100 | _aParish, Herman | ||
| 245 | _aGo West, Amelia Bedelia! / | ||
| 245 | _cHerman Parish ; pictures by Lynn Sweat. | ||
| 260 | _aNew York : | ||
| 260 | _bScholastic, | ||
| 260 | _c2011 | ||
| 300 | _a63 pages : | ||
| 300 | _bcolored illustration ; | ||
| 300 | _c23cm. | ||
| 440 | _aI can read! Reading with help 2. | ||
| 500 | _a440 | ||
| 999 |
_c341382 _d341382 |
||